000
00302nam a22001337a 4500
008
181206b xxu||||| |||| 00| 0 eng d
020
_a
9780520212589
041
_a
eng
080
_a
710
100
_a
45
101
_a
ART
245
_a
The Art Of Richard Diebenkorn
_c
David.R.A
942
_2
udc
_c
BK
999
_c
52933
_d
52933